The modern language of architecture / (Record no. 352470)

000 -LEADER
fixed length control field 02299 a2200265 4500
003 - CONTROL NUMBER IDENTIFIER
control field OSt
005 - DATE AND TIME OF LATEST TRANSACTION
control field 20180116192336.0
008 - FIXED-LENGTH DATA ELEMENTS--GENERAL INFORMATION
fixed length control field 120301t xxu||||| |||| 00| 0 eng d
020 ## - INTERNATIONAL STANDARD BOOK NUMBER
International Standard Book Number 0442293879 (paperback)
020 ## - INTERNATIONAL STANDARD BOOK NUMBER
International Standard Book Number 9780442293871 (paperback)
040 ## - CATALOGING SOURCE
Transcribing agency 0
082 ## - DEWEY DECIMAL CLASSIFICATION NUMBER
Classification number 720.14
100 1# - MAIN ENTRY--PERSONAL NAME
Personal name Zevi, Bruno.
9 (RLIN) 533
245 14 - TITLE STATEMENT
Title The modern language of architecture /
Statement of responsibility, etc. Bruno Zevi.
260 ## - PUBLICATION, DISTRIBUTION, ETC.
Place of publication, distribution, etc. New york
Name of publisher, distributor, etc. Van Nostrand Reinhold,
Date of publication, distribution, etc. 1981.
300 ## - PHYSICAL DESCRIPTION
Extent 241 p. ;
Other physical details ill;.
Dimensions 21 cm.
500 ## - GENERAL NOTE
General note Includes index
520 ## - SUMMARY, ETC.
Summary, etc. Frank Lloyd Wright called Bruno Zevi ”the most penetrating architectural critic of our time,” and one could ask for no better proof than Zevi’s masterpiece, The Modern Language of Architecture . In it, Zevi sets forth seven principles, or ”antirules,” to codify the new language of architecture created by Le Corbusier, Gropius, Mies van der Rohe, and Wright. In place of the classical language of the Beaux Art school, with its focus on abstract principles of order, proportion, and symmetry, he presents an alternative system of communication characterized by a free interpretation of contents and function, an emphasis on difference and dissonance, a dynamic of multidimensional vision, and independent interplay of elements, an organic marriage of engineering and design, a concept of living spaces that are designed for use, and an integration of buildings into their surroundings. Anticipating the innovations of postmodern architecture, Zevi argues forcefully for complexity and against unity, for decomposition dialogue between architecture and historiography, finding elements of the modern language of architecture throughout history, and discussing the process of architectural innovation. Sumptuously illustrated, and written in a clear, accessible manner, The Modern Language of Architecture will long remain one of the classics of architectural criticism and history.
650 ## - SUBJECT ADDED ENTRY--TOPICAL TERM
Topical term or geographic name entry element Architecture
General subdivision Historiography
9 (RLIN) 534
650 ## - SUBJECT ADDED ENTRY--TOPICAL TERM
Topical term or geographic name entry element Architecture, Modern
9 (RLIN) 535
650 ## - SUBJECT ADDED ENTRY--TOPICAL TERM
Topical term or geographic name entry element Architecture
General subdivision Composition, proportion, etc.
9 (RLIN) 536
856 40 - ELECTRONIC LOCATION AND ACCESS
Materials specified Amazon.com
Uniform Resource Identifier <a href="http://www.amazon.com/exec/obidos/ASIN/0442293879/chopaconline-20">http://www.amazon.com/exec/obidos/ASIN/0442293879/chopaconline-20</a>
942 ## - ADDED ENTRY ELEMENTS (KOHA)
Institution code [OBSOLETE] SADA
Koha item type Book
Call number prefix 720.14 ZEV 1981
Source of classification or shelving scheme
Holdings
Withdrawn status Lost status Source of classification or shelving scheme Damaged status Not for loan Permanent Location Current Location Date acquired Total Checkouts Total Renewals Full call number Barcode Date last seen Date last checked out Cost, replacement price Price effective from Koha item type
          School of Art Design and Architecture (SADA) School of Art Design and Architecture (SADA) 09/29/2010 4 5 720.14 ZEV 1981 SADA0000244 01/11/2016 12/15/2015 4093.00 08/05/2011 Book
© 2023 Central Library, National University of Sciences and Technology. All Rights Reserved.